[Event "Niedersachsen-ch open"]
[Site "Verden"]
[Date "2010.01.05"]
[Round "5.32"]
[White "Roemer, Helmut"]
[Black "Bart, Simon"]
[Result "0-1"]
[WhiteElo "1672"]
[BlackElo "1982"]
[PlyCount "84"]
[EventDate "2010.01.03"]
[EventType "swiss"]
[EventRounds "7"]
[EventCountry "GER"]
[SourceTitle "EXT 2012"]
[Source "ChessBase"]
[SourceDate "2011.11.24"]
[SourceVersion "1"]
[SourceVersionDate "2011.11.24"]
[SourceQuality "1"]

1. d4 Nf6 2. c4 g6 3. Nc3 Bg7 4. e4 d6 5. Nf3 0-0 6. Be2 e5 7. d5 Nbd7 8. Bg5 h6 9. Bxf6 Nxf6 10. 0-0 Nh5 11. Nd2 Nf4 12. Bf3 Qg5 13. Kh1 h5 14. Qe1 Bh6 15. Qe3 Kh7 16. Rad1 Qf6 17. Qe1 h4 18. Rb1 Rh8 19. Qd1 Nxg2 20. Bxg2 Bxd2 21. Qf3 Bf4 22. Bh3 Kg7 23. Bxc8 Raxc8 24. h3 Bd2 25. Qxf6+ Kxf6 26. Ne2 g5 27. Rbd1 Bf4 28. Rg1 Rhg8 29. Rg4 Ke7 30. Nxf4 exf4 31. f3 f5 32. exf5 Kf6 33. Re1 Rce8 34. Rgg1 Kxf5 35. Kg2 Re3 36. Kf2 Rge8 37. Rxe3 Rxe3 38. Re1 Rxe1 39. Kxe1 Ke5 40. Ke2 Kd4 41. b3 Kc3 42. Kf2 Kd2 0-1

[Event "Niedersachsen-ch open"]
[Site "Verden"]
[Date "2010.01.04"]
[Round "4.61"]
[White "Boehning, Kilian"]
[Black "Roemer, Helmut"]
[Result "0-1"]
[WhiteElo "1247"]
[BlackElo "1672"]
[PlyCount "92"]
[EventDate "2010.01.03"]
[EventType "swiss"]
[EventRounds "7"]
[EventCountry "GER"]
[SourceTitle "EXT 2012"]
[Source "ChessBase"]
[SourceDate "2011.11.24"]
[SourceVersion "1"]
[SourceVersionDate "2011.11.24"]
[SourceQuality "1"]

1. d4 Nf6 2. Nc3 d5 3. Bf4 c6 4. f3 Bf5 5. e3 e6 6. Bd3 Bxd3 7. Qxd3 Nbd7 8. e4 Nh5 9. Be3 Nb6 10. g4 dxe4 11. Nxe4 Nf6 12. Bg5 Be7 13. Bxf6 Bxf6 14. Nxf6+ Qxf6 15. 0-0-0 0-0-0 16. Qc3 Nd5 17. Qa3 Qf4+ 18. Kb1 Ne3 19. Ne2 Qxf3 20. Rde1 Qe4 21. Qc3 Ng2 22. Ng3 Qxd4 23. Qxd4 Rxd4 24. Ref1 Rhd8 25. c3 R4d7 26. Nh5 Ne3 27. Rfg1 f6 28. Nf4 e5 29. Ne6 Rg8 30. Nc5 Rd5 31. Nb3 Rgd8 32. h4 Rd1+ 33. Rxd1 Rxd1+ 34. Rxd1 Nxd1 35. Kc2 Ne3+ 36. Kd3 Nxg4 37. Nc5 f5 38. Ne6 g6 39. Nf8 Nf6 40. Ke3 Kc7 41. Ne6+ Kd6 42. Ng5 Ke7 43. Nf3 Nd5+ 44. Ke2 Kf6 45. c4 Nf4+ 46. Ke3 h6 0-1

[Event "Niedersachsen-ch open"]
[Site "Verden"]
[Date "2010.01.04"]
[Round "3.25"]
[White "Roemer, Helmut"]
[Black "Meyer, Juergen"]
[Result "0-1"]
[WhiteElo "1672"]
[BlackElo "2093"]
[PlyCount "128"]
[EventDate "2010.01.03"]
[EventType "swiss"]
[EventRounds "7"]
[EventCountry "GER"]
[SourceTitle "EXT 2012"]
[Source "ChessBase"]
[SourceDate "2011.11.24"]
[SourceVersion "1"]
[SourceVersionDate "2011.11.24"]
[SourceQuality "1"]

1. d4 Nf6 2. c4 e6 3. Nc3 Bb4 4. Qb3 c5 5. Nf3 0-0 6. dxc5 Nc6 7. Bg5 h6 8. Bf4 Bxc5 9. e4 d5 10. 0-0-0 dxc4 11. Bxc4 Qe7 12. Rhe1 Na5 13. Qa4 Nxc4 14. Qxc4 b5 15. Nxb5 Ba6 16. Qa4 Qb7 17. Nc7 Rab8 18. b3 Rbc8 19. Qxa6 Qxa6 20. Nxa6 Be3+ 21. Kb1 Bxf4 22. g3 Rc3 23. Nd4 Be5 24. f4 Bxd4 25. Rxd4 Rfc8 26. Red1 Kh7 27. Nb4 a5 28. Nd3 Ng4 29. Ne5 Nxe5 30. fxe5 R3c5 31. Rd7 Rxe5 32. Rxf7 Rxe4 33. Rdd7 Rg8 34. Ra7 Kg6 35. Rf2 a4 36. Kb2 Rb8 37. Rff7 axb3 38. axb3 Re2+ 39. Ka3 Rxh2 40. Rxg7+ Kf5 41. Rgf7+ Ke4 42. Ra4+ Ke3 43. Rf6 e5 44. Re6 Rb5 45. Rh4 Rg2 46. Rhxh6 Rxg3 47. Ka4 Rd5 48. Rh4 Rd4+ 49. Rxd4 Kxd4 50. Rd6+ Ke3 51. Kb5 e4 52. Re6 Kd2 53. Rd6+ Kc2 54. b4 Rg5+ 55. Kc4 Re5 56. Kd4 e3 57. Kxe5 e2 58. b5 e1Q+ 59. Kd5 Kb3 60. Kc5 Qb4+ 61. Kc6 Qc4+ 62. Kb7 Ka4 63. Rb6 Ka5 64. Ka7 Qc5 0-1